[Event "2. Bundesliga Ost 2014/2015"]
[Site "2000 Stockerau, Veranstaltungszentrum Z2000, Spark"]
[Date "2014.12.06"]
[Round "5"]
[Board "5"]
[White "Strodl, Joachim"]
[Black "Bezuch, Martin"]
[Result "1/2-1/2"]
[WhiteElo "2084"]
[BlackElo "2237"]
[PlyCount "35"]
[EventDate "2014.10.18"]
[EventType "team"]
[EventRounds "11"]
[EventCountry "AUT"]
[WhiteTeam "ASVOE Mattersburg"]
[BlackTeam "ASVOE Pamhagen"]

1. e4 d6 2. d4 g6 3. Nc3 Bg7 4. Nf3 a6 5. Be2 Nf6 6. O-O O-O 7. Re1 b5 8. a3
Bb7 9. e5 Nd5 10. Ne4 Nb6 11. Bd3 Nc6 12. c3 Bc8 13. Neg5 dxe5 14. Nxe5 Nxe5
15. dxe5 Bf5 16. Bxf5 Qxd1 17. Rxd1 gxf5 18. e6 1/2-1/2

[Event "2. Bundesliga Ost 2014/2015"]
[Site "2000 Stockerau, Veranstaltungszentrum Z2000, Spark"]
[Date "2014.12.06"]
[Round "5"]
[Board "6"]
[White "Kuthan, Andreas"]
[Black "Savio, Alfred Jun."]
[Result "1-0"]
[WhiteElo "2208"]
[BlackElo "2043"]
[PlyCount "79"]
[EventDate "2014.10.18"]
[EventType "team"]
[EventRounds "11"]
[EventCountry "AUT"]
[WhiteTeam "ASVOE Pamhagen"]
[BlackTeam "ASVOE Mattersburg"]

1. d4 Nf6 2. c4 e6 3. Nc3 Bb4 4. e3 O-O 5. Bd3 Nc6 6. Nge2 d6 7. O-O e5 8. Qc2
Bxc3 9. Qxc3 e4 10. Bc2 Bf5 11. f3 a5 12. Ng3 Bg6 13. Nxe4 Nxe4 14. Bxe4 Bxe4
15. fxe4 Re8 16. Rf4 Ne7 17. Bd2 Ng6 18. Rf5 Qh4 19. Raf1 Qxe4 20. Rxf7 Nh4 21.
R7f2 Re6 22. Qxa5 b5 23. Qxb5 c5 24. Qd7 h6 25. Qf7+ Kh7 26. Qf4 Rxa2 27. Qxe4+
Rxe4 28. Bc3 Rxe3 29. dxc5 dxc5 30. Rf7 Rxc3 31. bxc3 Rxg2+ 32. Kh1 Rc2 33. Rc7
Rxc3 34. Rxc5 g5 35. Rc6 g4 36. Rb1 Rf3 37. Rb7+ Kg8 38. Kg1 Rf8 39. Rxh6 Nf3+
40. Kg2 1-0

[Event "2. Bundesliga Ost 2014/2015"]
[Site "2000 Stockerau, Veranstaltungszentrum Z2000, Spark"]
[Date "2014.12.06"]
[Round "5"]
[Board "1"]
[White "Stohl, Igor"]
[Black "Weinzettl, Ernst"]
[Result "1/2-1/2"]
[WhiteElo "2501"]
[BlackElo "2297"]
[PlyCount "106"]
[EventDate "2014.10.18"]
[EventType "team"]
[EventRounds "11"]
[EventCountry "AUT"]
[WhiteTeam "SG Hietzing/Ottakring"]
[BlackTeam "ASVOE VHS Poechlarn"]

1. d4 Nf6 2. c4 g6 3. g3 Bg7 4. Bg2 O-O 5. Nc3 d6 6. Nf3 c6 7. O-O Qa5 8. e4 e5
9. h3 Nbd7 10. Re1 exd4 11. Nxd4 Re8 12. Rb1 a6 13. Bd2 Qc7 14. Be3 Ne5 15. b3
Rb8 16. a4 c5 17. Nde2 b6 18. Qd2 Bxh3 19. Nf4 Bxg2 20. Kxg2 Qd7 21. f3 g5 22.
Nd3 Nxf3 23. Kxf3 Qg4+ 24. Kg2 Nh5 25. Bf2 Bxc3 26. Qxc3 Rxe4 27. Rxe4 Qxe4+
28. Kh2 Qf3 29. Qd2 h6 30. Ne1 Qf5 31. Rd1 Re8 32. Ng2 Nf6 33. Kg1 Re6 34. Ne3
Qf3 35. Re1 Ne4 36. Qe2 Qf6 37. Nd5 Qg7 38. Qd3 Nxf2 39. Kxf2 Qb2+ 40. Kf1
Rxe1+ 41. Kxe1 Qe5+ 42. Kf2 h5 43. Qe3 Qf5+ 44. Qf3 Qc2+ 45. Qe2 Qxb3 46. Qxh5
Qc2+ 47. Qe2 Qxa4 48. Qd2 Qa1 49. Qxg5+ Kf8 50. Qd8+ Kg7 51. Qg5+ Kf8 52. Qd8+
Kg7 53. Qg5+ Kf8 1/2-1/2

[Event "2. Bundesliga Ost 2014/2015"]
[Site "2000 Stockerau, Veranstaltungszentrum Z2000, Spark"]
[Date "2014.12.06"]
[Round "5"]
[Board "2"]
[White "Ganaus, Hannes"]
[Black "Beck, Hartmuth"]
[Result "1/2-1/2"]
[WhiteElo "2322"]
[BlackElo "2362"]
[PlyCount "37"]
[EventDate "2014.10.18"]
[EventType "team"]
[EventRounds "11"]
[EventCountry "AUT"]
[WhiteTeam "ASVOE VHS Poechlarn"]
[BlackTeam "SG Hietzing/Ottakring"]

1. d4 f5 2. c4 Nf6 3. Nc3 d6 4. Bg5 e6 5. e4 Be7 6. Bxf6 Bxf6 7. Nf3 O-O 8. Qc2
Nc6 9. O-O-O e5 10. dxe5 Nxe5 11. Nd4 Nc6 12. Nxf5 Bxf5 13. exf5 Bxc3 14. Qxc3
Rxf5 15. f3 Qf6 16. Qxf6 gxf6 17. Rd5 Re5 18. Rxe5 fxe5 19. Bd3 1/2-1/2

[Event "2. Bundesliga Ost 2014/2015"]
[Site "2000 Stockerau, Veranstaltungszentrum Z2000, Spark"]
[Date "2014.12.06"]
[Round "5"]
[Board "4"]
[White "Ernst, Michael"]
[Black "Penz, Harald"]
[Result "1/2-1/2"]
[WhiteElo "2134"]
[BlackElo "2321"]
[PlyCount "51"]
[EventDate "2014.10.18"]
[EventType "team"]
[EventRounds "11"]
[EventCountry "AUT"]
[WhiteTeam "ASVOE VHS Poechlarn"]
[BlackTeam "SG Hietzing/Ottakring"]

1. d4 d5 2. c4 c5 3. cxd5 Qxd5 4. Nf3 cxd4 5. Qxd4 Qxd4 6. Nxd4 Bd7 7. Nc3 Nc6
8. Nxc6 Bxc6 9. e4 e6 10. Bb5 Rc8 11. Bxc6+ Rxc6 12. Be3 Bb4 13. Ke2 Bxc3 14.
bxc3 b6 15. Rhc1 Nf6 16. f3 Ke7 17. a4 Rhc8 18. a5 Rxc3 19. Rxc3 Rxc3 20. axb6
axb6 21. Bxb6 Rc2+ 22. Kf1 Nd7 23. Be3 f6 24. Re1 Ne5 25. Re2 Rc7 26. Bf4
 1/2-1/2

[Event "2. Bundesliga Ost 2014/2015"]
[Site "2000 Stockerau, Veranstaltungszentrum Z2000, Spark"]
[Date "2014.12.06"]
[Round "5"]
[Board "5"]
[White "Schneider-Zinner, Harald"]
[Black "Gratze, Michael"]
[Result "1-0"]
[WhiteElo "2336"]
[BlackElo "2017"]
[PlyCount "63"]
[EventDate "2014.10.18"]
[EventType "team"]
[EventRounds "11"]
[EventCountry "AUT"]
[WhiteTeam "SG Hietzing/Ottakring"]
[BlackTeam "ASVOE VHS Poechlarn"]

1. d4 Nf6 2. Nf3 g6 3. c4 Bg7 4. g3 O-O 5. Bg2 d6 6. O-O c6 7. Nc3 Qa5 8. Bd2
Qa6 9. b3 Bg4 10. Ne1 e5 11. dxe5 dxe5 12. h3 Be6 13. Nd3 Nbd7 14. Na4 e4 15.
Ndc5 Nxc5 16. Nxc5 Qb6 17. Be3 Qc7 18. Nxe6 fxe6 19. Qc2 Qe5 20. Rad1 Rad8 21.
Rxd8 Rxd8 22. Rd1 Rf8 23. Qd2 Nh5 24. Qd6 Qf6 25. Bxa7 Bh6 26. Bd4 Qf7 27. Qe5
Bg7 28. Qxe4 Rd8 29. Rd3 Rf8 30. Bc5 Ra8 31. a4 b5 32. Qxc6 1-0

[Event "2. Bundesliga Ost 2014/2015"]
[Site "2000 Stockerau, Veranstaltungszentrum Z2000, Spark"]
[Date "2014.12.06"]
[Round "5"]
[Board "6"]
[White "Gattermayer, Robert"]
[Black "Steiner, Adam"]
[Result "0-1"]
[WhiteElo "2013"]
[BlackElo "2247"]
[PlyCount "74"]
[EventDate "2014.10.18"]
[EventType "team"]
[EventRounds "11"]
[EventCountry "AUT"]
[WhiteTeam "ASVOE VHS Poechlarn"]
[BlackTeam "SG Hietzing/Ottakring"]

1. e4 c5 2. Nc3 Nc6 3. d3 g6 4. Be3 d6 5. g3 Bg7 6. Bg2 e5 7. Qd2 Be6 8. f4 Qa5
9. Nf3 h6 10. O-O Nge7 11. Kh1 Nd4 12. a3 Rc8 13. Rac1 b5 14. h3 Qb6 15. g4
exf4 16. Bxf4 h5 17. g5 O-O 18. Nxd4 cxd4 19. Ne2 d5 20. Bh2 dxe4 21. dxe4 Nc6
22. Nf4 Na5 23. b3 Bxb3 24. cxb3 Nxb3 25. Qb2 Nxc1 26. Rxc1 d3 27. e5 Bxe5 28.
Qd2 Rxc1+ 29. Qxc1 Qd6 30. Qd2 Rc8 31. Bf3 Rc2 32. Qxd3 Qxd3 33. Nxd3 Rxh2+ 34.
Kg1 Bd6 35. Bg2 Kf8 36. Nb4 a5 37. Nd3 Rxg2+ 0-1

[Event "2. Bundesliga Ost 2014/2015"]
[Site "2000 Stockerau, Veranstaltungszentrum Z2000, Spark"]
[Date "2014.12.06"]
[Round "5"]
[Board "1"]
[White "Chytilek, Roman"]
[Black "Schwarhofer, Christopher"]
[Result "1-0"]
[WhiteElo "2362"]
[BlackElo "2394"]
[PlyCount "75"]
[EventDate "2014.10.18"]
[EventType "team"]
[EventRounds "11"]
[EventCountry "AUT"]
[WhiteTeam "SV Stockerau"]
[BlackTeam "Blackburne Nickelsdorf"]

1. d4 Nf6 2. c4 g6 3. Nc3 Bg7 4. e4 d6 5. h3 O-O 6. Bg5 Nbd7 7. Bd3 e5 8. d5 a5
9. Qd2 Nc5 10. Bc2 Bd7 11. Nge2 Qe8 12. Be3 Ncxe4 13. Nxe4 Nxe4 14. Bxe4 f5 15.
Nc3 fxe4 16. Nxe4 Bf5 17. Nc3 Qe7 18. O-O-O a4 19. g4 Bd7 20. Ne4 b6 21. a3 Rf3
22. Rdg1 Raf8 23. Re1 Bf6 24. Kb1 Bh4 25. Rh2 Kh8 26. Bh6 Rg8 27. Bg5 Bxg5 28.
Nxg5 Rb3 29. f4 h6 30. Ne4 exf4 31. Qxf4 Kg7 32. Rhe2 Rf8 33. Qd2 Qh4 34. Ka1
Rf7 35. g5 Bf5 36. Qd4+ Kg8 37. Nf6+ Rxf6 38. Re8+ 1-0

[Event "2. Bundesliga Ost 2014/2015"]
[Site "2000 Stockerau, Veranstaltungszentrum Z2000, Spark"]
[Date "2014.12.06"]
[Round "5"]
[Board "2"]
[White "Lendwai, Reinhard"]
[Black "Groetz, Harald"]
[Result "1-0"]
[WhiteElo "2347"]
[BlackElo "2309"]
[PlyCount "79"]
[EventDate "2014.10.18"]
[EventType "team"]
[EventRounds "11"]
[EventCountry "AUT"]
[WhiteTeam "Blackburne Nickelsdorf"]
[BlackTeam "SV Stockerau"]

1. c4 e5 2. Nc3 Nc6 3. g3 g6 4. Bg2 Bg7 5. e3 d6 6. Nge2 f5 7. d3 Nf6 8. Rb1 a5
9. a3 Be6 10. Nd5 O-O 11. O-O Qd7 12. b4 axb4 13. axb4 Rab8 14. b5 Ne7 15. Qb3
h6 16. Bd2 g5 17. f4 Ng6 18. Kh1 Kh8 19. Nxf6 Bxf6 20. Nc3 gxf4 21. exf4 exf4
22. Bxf4 Nxf4 23. Rxf4 Qg7 24. Ne2 b6 25. Bc6 Bd7 26. Bxd7 Qxd7 27. Rf2 Be5 28.
Rbf1 Rf7 29. d4 Bg7 30. Qd3 Re8 31. Nf4 Re4 32. d5 Rd4 33. Qc2 Kg8 34. Ne6 Rg4
35. Rxf5 Rxf5 36. Qxf5 Rxc4 37. Qg6 Qe7 38. Nxg7 Qxg7 39. Qe8+ Kh7 40. Rf7 1-0

[Event "2. Bundesliga Ost 2014/2015"]
[Site "2000 Stockerau, Veranstaltungszentrum Z2000, Spark"]
[Date "2014.12.06"]
[Round "5"]
[Board "3"]
[White "Schmid, Thomas"]
[Black "Pinter, Erik"]
[Result "0-1"]
[WhiteElo "2193"]
[BlackElo "2354"]
[PlyCount "48"]
[EventDate "2014.10.18"]
[EventType "team"]
[EventRounds "11"]
[EventCountry "AUT"]
[WhiteTeam "SV Stockerau"]
[BlackTeam "Blackburne Nickelsdorf"]

1. e4 c5 2. Nf3 d6 3. Bb5+ Nd7 4. c3 a6 5. Ba4 c4 6. O-O Qc7 7. Bc2 Ngf6 8. b3
b5 9. Qe2 e5 10. bxc4 bxc4 11. Na3 Nb6 12. Rb1 Be7 13. Nh4 O-O 14. Nf5 Bxf5 15.
exf5 d5 16. d4 cxd3 17. Qxd3 Rfc8 18. Bb3 Qxc3 19. Qxc3 Rxc3 20. Bb2 Rc6 21.
Rfe1 Ne4 22. Bxd5 Nxd5 23. Rxe4 Bxa3 24. Bxa3 Nc3 0-1

[Event "2. Bundesliga Ost 2014/2015"]
[Site "2000 Stockerau, Veranstaltungszentrum Z2000, Spark"]
[Date "2014.12.06"]
[Round "5"]
[Board "4"]
[White "Vlcek, Stanislav"]
[Black "Pernerstorfer, Johannes"]
[Result "0-1"]
[WhiteElo "2321"]
[BlackElo "2101"]
[PlyCount "80"]
[EventDate "2014.10.18"]
[EventType "team"]
[EventRounds "11"]
[EventCountry "AUT"]
[WhiteTeam "Blackburne Nickelsdorf"]
[BlackTeam "SV Stockerau"]

1. e4 c5 2. Nf3 Nc6 3. d4 cxd4 4. Nxd4 e5 5. Nb5 d6 6. c4 f5 7. exf5 Bxf5 8.
Bd3 Be6 9. O-O Be7 10. N1c3 a6 11. Na3 Nf6 12. Bg5 O-O 13. Nc2 Ng4 14. Be3 Nxe3
15. Nxe3 Bg5 16. Qh5 Bh6 17. Ncd5 Rc8 18. Nf5 Bxf5 19. Bxf5 Qe8 20. Qg4 Rd8 21.
Nc7 Qe7 22. Ne6 Rxf5 23. Nxd8 Nd4 24. Rad1 Rf4 25. Qc8 Rf8 26. Qxb7 Qxd8 27.
Qd5+ Kh8 28. c5 Qh4 29. g3 Qg4 30. cxd6 Ne2+ 31. Kh1 e4 32. Qb3 e3 33. Qd5 exf2
34. Rxf2 Nxg3+ 35. hxg3 Qh3+ 36. Kg1 Be3 37. Rdf1 Qxg3+ 38. Qg2 Qxd6 39. Kh1
Qh6+ 40. Kg1 Qh4 0-1

[Event "2. Bundesliga Ost 2014/2015"]
[Site "2000 Stockerau, Veranstaltungszentrum Z2000, Spark"]
[Date "2014.12.06"]
[Round "5"]
[Board "5"]
[White "Gajic, Zoran"]
[Black "Bachofner, Andreas"]
[Result "1/2-1/2"]
[WhiteElo "2106"]
[BlackElo "2180"]
[PlyCount "60"]
[EventDate "2014.10.18"]
[EventType "team"]
[EventRounds "11"]
[EventCountry "AUT"]
[WhiteTeam "SV Stockerau"]
[BlackTeam "Blackburne Nickelsdorf"]

1. e4 d5 2. exd5 Qxd5 3. Nc3 Qa5 4. d4 Nf6 5. Bc4 c6 6. Bb3 Bf5 7. Bd2 Qc7 8.
Qf3 e6 9. Bf4 Bd6 10. Bxd6 Qxd6 11. Qg3 Qxg3 12. hxg3 Nbd7 13. O-O-O O-O-O 14.
Nf3 h6 15. Rhe1 Rhe8 16. Ne5 Nxe5 17. Rxe5 Rd6 18. f3 Red8 19. Ne2 Nd7 20. Re3
Kb8 21. g4 Bh7 22. c4 b6 23. Bc2 Bxc2 24. Kxc2 Nf6 25. Red3 Kc7 26. b3 a6 27.
Nc3 R6d7 28. Ne4 Nxe4 29. fxe4 f6 30. Kc3 a5 1/2-1/2

[Event "2. Bundesliga Ost 2014/2015"]
[Site "2000 Stockerau, Veranstaltungszentrum Z2000, Spark"]
[Date "2014.12.06"]
[Round "5"]
[Board "6"]
[White "Koffler, Daniel"]
[Black "Piringer, Florian"]
[Result "1-0"]
[WhiteElo "2170"]
[BlackElo "2046"]
[PlyCount "55"]
[EventDate "2014.10.18"]
[EventType "team"]
[EventRounds "11"]
[EventCountry "AUT"]
[WhiteTeam "Blackburne Nickelsdorf"]
[BlackTeam "SV Stockerau"]

1. d4 Nf6 2. c4 g6 3. Nc3 d5 4. cxd5 Nxd5 5. Bd2 Bg7 6. e4 Nxc3 7. Bxc3 O-O 8.
Nf3 Bg4 9. Qd2 Nc6 10. d5 Bxf3 11. gxf3 Ne5 12. Be2 f6 13. h4 c6 14. f4 Nf7 15.
h5 cxd5 16. hxg6 hxg6 17. exd5 Qc7 18. Bg4 Bh6 19. Be6 Kg7 20. Rh4 Ne5 21. Qe2
Qc4 22. Rxh6 Nd3+ 23. Kd2 Qxf4+ 24. Kxd3 Qxh6 25. Rg1 Rfd8 26. Qe4 Rd6 27. Rh1
Qg5 28. Bd2 1-0

[Event "2. Bundesliga Ost 2014/2015"]
[Site "2000 Stockerau, Veranstaltungszentrum Z2000, Spark"]
[Date "2014.12.06"]
[Round "5"]
[Board "1"]
[White "Baumegger, Siegfried"]
[Black "Bernasek, Jan"]
[Result "1/2-1/2"]
[WhiteElo "2465"]
[BlackElo "2533"]
[PlyCount "61"]
[EventDate "2014.10.18"]
[EventType "team"]
[EventRounds "11"]
[EventCountry "AUT"]
[WhiteTeam "tschaturanga"]
[BlackTeam "Zwettl"]

1. d4 Nf6 2. c4 e6 3. Nf3 b6 4. g3 Ba6 5. Nbd2 d5 6. Bg2 Be7 7. O-O O-O 8. b3
c5 9. Ne5 cxd4 10. Bb2 Bb7 11. cxd5 Bxd5 12. Ndf3 Nc6 13. Nxc6 Bxc6 14. Qxd4
Qxd4 15. Nxd4 Bxg2 16. Kxg2 Rfc8 17. Rac1 Kf8 18. Kf3 Bc5 19. Rfd1 Ke7 20. b4
Bxd4 21. Bxd4 Ne8 22. a4 Rxc1 23. Rxc1 Rd8 24. Bc3 a6 25. e3 Rc8 26. Bf6+ Kd7
27. Rd1+ Kc6 28. Rc1+ Kb7 29. Rxc8 Kxc8 30. Bd4 Kc7 31. e4 1/2-1/2

[Event "2. Bundesliga Ost 2014/2015"]
[Site "2000 Stockerau, Veranstaltungszentrum Z2000, Spark"]
[Date "2014.12.06"]
[Round "5"]
[Board "2"]
[White "Polak, Thomas"]
[Black "Weber, Gerold"]
[Result "1-0"]
[WhiteElo "2513"]
[BlackElo "2376"]
[PlyCount "71"]
[EventDate "2014.10.18"]
[EventType "team"]
[EventRounds "11"]
[EventCountry "AUT"]
[WhiteTeam "Zwettl"]
[BlackTeam "tschaturanga"]

1. d4 d5 2. c4 c6 3. Nc3 Nf6 4. Nf3 a6 5. Bg5 b5 6. cxd5 cxd5 7. Bxf6 gxf6 8.
g3 e6 9. Bg2 Bb7 10. O-O Nd7 11. e3 Bd6 12. Ne2 O-O 13. Nf4 Kh8 14. Nh4 Qe7 15.
Re1 Rg8 16. a3 Nb6 17. Nd3 a5 18. Rc1 Rac8 19. Rxc8 Rxc8 20. Qh5 Qf8 21. e4 Bc6
22. exd5 Be8 23. dxe6 fxe6 24. Qf3 Bd7 25. Qh5 Qg8 26. Nc5 Bxc5 27. dxc5 Nc4
28. b4 Nxa3 29. bxa5 b4 30. a6 Bc6 31. Bxc6 Rxc6 32. Qf3 Rxa6 33. Qxf6+ Qg7 34.
Qd8+ Qg8 35. Qd4+ Qg7 36. Qxb4 1-0

[Event "2. Bundesliga Ost 2014/2015"]
[Site "2000 Stockerau, Veranstaltungszentrum Z2000, Spark"]
[Date "2014.12.06"]
[Round "5"]
[Board "3"]
[White "Sadilek, Peter"]
[Black "Blatny, Pavel"]
[Result "1/2-1/2"]
[WhiteElo "2283"]
[BlackElo "2414"]
[PlyCount "75"]
[EventDate "2014.10.18"]
[EventType "team"]
[EventRounds "11"]
[EventCountry "AUT"]
[WhiteTeam "tschaturanga"]
[BlackTeam "Zwettl"]

1. d4 Nf6 2. c4 c6 3. Nc3 d5 4. Nf3 e6 5. g3 dxc4 6. Bg2 Bb4 7. O-O Nbd7 8. Qc2
Nd5 9. e4 Nxc3 10. bxc3 Be7 11. a4 b5 12. d5 cxd5 13. exd5 exd5 14. Nd4 Bb7 15.
Nf5 O-O 16. Nxe7+ Qxe7 17. Ba3 Nc5 18. Qb1 Rfc8 19. Qxb5 a6 20. Qb6 Rc6 21.
Bxc5 Rxc5 22. Rfe1 Qc7 23. Rab1 Qxb6 24. Rxb6 Bc6 25. Rxc6 Rxc6 26. Bxd5 Rcc8
27. Bxa8 Rxa8 28. Re7 Kf8 29. Rc7 Rb8 30. Rxc4 Rb1+ 31. Kg2 Ra1 32. Kf3 Ke7 33.
Ke3 Kd6 34. Rf4 Ke6 35. h4 h5 36. Kd3 Ra2 37. Ke3 g6 38. Kd3 1/2-1/2

[Event "2. Bundesliga Ost 2014/2015"]
[Site "2000 Stockerau, Veranstaltungszentrum Z2000, Spark"]
[Date "2014.12.06"]
[Round "5"]
[Board "4"]
[White "Pisk, Petr"]
[Black "Sadilek, Maximilian"]
[Result "1/2-1/2"]
[WhiteElo "2394"]
[BlackElo "2211"]
[PlyCount "54"]
[EventDate "2014.10.18"]
[EventType "team"]
[EventRounds "11"]
[EventCountry "AUT"]
[WhiteTeam "Zwettl"]
[BlackTeam "tschaturanga"]

1. d4 Nf6 2. Bg5 Ne4 3. Bf4 e6 4. Nd2 Bd6 5. Bxd6 Nxd6 6. Ngf3 O-O 7. e4 f5 8.
Bd3 b6 9. exf5 Nxf5 10. O-O Nc6 11. c3 Bb7 12. Qe2 Nce7 13. Ba6 Bxa6 14. Qxa6
Nd5 15. g3 Qe8 16. Ne5 d6 17. Nef3 Qh5 18. Rfe1 Rf6 19. Re4 Raf8 20. Qe2 Nh6
21. Ne1 Qh3 22. Nd3 g5 23. Re1 Kh8 24. Qf1 Qf5 25. Qe2 Qh3 26. Qf1 Qf5 27. Qe2
Qh3 1/2-1/2

[Event "2. Bundesliga Ost 2014/2015"]
[Site "2000 Stockerau, Veranstaltungszentrum Z2000, Spark"]
[Date "2014.12.06"]
[Round "5"]
[Board "5"]
[White "Leitner, Gerald"]
[Black "Vyskocil, Neklan"]
[Result "0-1"]
[WhiteElo "2210"]
[BlackElo "2422"]
[PlyCount "70"]
[EventDate "2014.10.18"]
[EventType "team"]
[EventRounds "11"]
[EventCountry "AUT"]
[WhiteTeam "tschaturanga"]
[BlackTeam "Zwettl"]

1. c4 Nf6 2. d4 e5 3. dxe5 Ng4 4. Bf4 g5 5. Bg3 Bg7 6. Nf3 Nc6 7. Nc3 Ngxe5 8.
Nxe5 Nxe5 9. e3 d6 10. h4 g4 11. h5 h6 12. Rc1 Be6 13. Qb3 O-O 14. Nd5 Rb8 15.
Nf4 Bf5 16. Be2 b6 17. Bh4 Qd7 18. f3 Kh8 19. Kf2 Rbe8 20. Nd5 f6 21. Bg3 Bh7
22. Bf4 Rf7 23. Qd1 f5 24. Qd2 a5 25. b3 Qd8 26. a3 Qd7 27. Bg3 Nc6 28. Bd3 Nd8
29. Nf4 Ne6 30. Nxe6 Qxe6 31. Bb1 Rfe7 32. Bf4 Be5 33. Bxe5+ Qxe5 34. Rhe1 gxf3
35. gxf3 Qh2+ 0-1

[Event "2. Bundesliga Ost 2014/2015"]
[Site "2000 Stockerau, Veranstaltungszentrum Z2000, Spark"]
[Date "2014.12.06"]
[Round "5"]
[Board "6"]
[White "Zwettler, Martin"]
[Black "Lenz, Alarich"]
[Result "1/2-1/2"]
[WhiteElo "2249"]
[BlackElo "2180"]
[PlyCount "49"]
[EventDate "2014.10.18"]
[EventType "team"]
[EventRounds "11"]
[EventCountry "AUT"]
[WhiteTeam "Zwettl"]
[BlackTeam "tschaturanga"]

1. d4 Nf6 2. Nf3 e6 3. e3 b6 4. Bd3 Bb7 5. O-O Be7 6. c4 O-O 7. Nc3 d5 8. cxd5
exd5 9. b3 Nbd7 10. Qc2 a6 11. Bb2 Bd6 12. Ne2 Qe7 13. Ng3 g6 14. Rac1 Rac8 15.
Qe2 Ra8 16. Rfd1 Ne4 17. Qc2 Rac8 18. Qe2 Ra8 19. Rc2 Rfe8 20. Rdc1 Rec8 21.
Nd2 Ndf6 22. Ndf1 Re8 23. Nd2 Rec8 24. Ndf1 Re8 25. Nd2 1/2-1/2

[Event "2. Bundesliga Ost 2014/2015"]
[Site "1020 Wien, Haus des Schachsports, Marathonweg 14"]
[Date "2015.01.24"]
[Round "6"]
[Board "1"]
[White "Videki, Sandor"]
[Black "Polak, Thomas"]
[Result "0-1"]
[WhiteElo "2380"]
[BlackElo "2513"]
[PlyCount "90"]
[EventDate "2014.10.18"]
[EventType "team"]
[EventRounds "11"]
[EventCountry "AUT"]
[WhiteTeam "SC Data Technology Pressbaum/E."]
[BlackTeam "Zwettl"]

1. e4 e5 2. Nf3 Nc6 3. Bc4 Nf6 4. d3 Be7 5. Nc3 d6 6. a4 O-O 7. a5 a6 8. Bg5 h6
9. Bxf6 Bxf6 10. Nd5 Be7 11. c3 Kh8 12. b4 f5 13. h3 Bf6 14. Qb3 Ne7 15. Rd1
Nxd5 16. Bxd5 Qe7 17. Qc2 c6 18. Bb3 Bd7 19. O-O Qe8 20. Rfe1 Qh5 21. Qe2 fxe4
22. dxe4 Be7 23. Rd3 Rf4 24. g3 Rf6 25. g4 Qe8 26. Red1 Rd8 27. Qd2 Rf8 28. Qe3
Bc8 29. Kf1 Qg6 30. c4 Qf6 31. Ke2 Rde8 32. Qd2 Qg6 33. Re3 Rf4 34. Qc2 Ref8
35. Rdd3 Rxe4 36. Rxe4 Qxe4+ 37. Re3 Qf4 38. Qd3 Be6 39. Re4 Qf6 40. Bc2 Bg8
41. g5 hxg5 42. h4 g4 43. Rxg4 d5 44. Qe3 e4 45. Ng5 d4 0-1

[Event "2. Bundesliga Ost 2014/2015"]
[Site "1020 Wien, Haus des Schachsports, Marathonweg 14"]
[Date "2015.01.24"]
[Round "6"]
[Board "2"]
[White "Krejci, Jan"]
[Black "Rumpl, Erwin"]
[Result "1/2-1/2"]
[WhiteElo "2533"]
[BlackElo "2314"]
[PlyCount "85"]
[EventDate "2014.10.18"]
[EventType "team"]
[EventRounds "11"]
[EventCountry "AUT"]
[WhiteTeam "Zwettl"]
[BlackTeam "SC Data Technology Pressbaum/E."]

1. d4 c5 2. d5 d6 3. c4 g6 4. e4 Bg7 5. Bd3 e6 6. Nc3 Ne7 7. Nf3 O-O 8. O-O
exd5 9. cxd5 Bg4 10. h3 Bxf3 11. Qxf3 Nd7 12. Qg3 Ne5 13. Bc2 f5 14. Bg5 fxe4
15. Qh4 Rf7 16. Qxe4 Qb6 17. f4 Nd7 18. Bxe7 Re8 19. Na4 Qa6 20. Rfe1 Bf6 21.
Qf3 Rfxe7 22. Re6 Bd4+ 23. Kh1 Nf8 24. Rxe7 Rxe7 25. Nc3 Bxc3 26. Qxc3 Qe2 27.
Bd3 Qe3 28. Rf1 b6 29. Qc2 Qd4 30. f5 Rf7 31. Re1 Kg7 32. Re4 Qf6 33. Rg4 Re7
34. Qd2 Re5 35. fxg6 hxg6 36. Be4 Qe7 37. Qc3 Qf6 38. Qg3 Rh5 39. Qa3 Qe7 40.
Qf3 Rg5 41. Rf4 Nd7 42. h4 Rh5 43. Qg3 1/2-1/2

[Event "2. Bundesliga Ost 2014/2015"]
[Site "1020 Wien, Haus des Schachsports, Marathonweg 14"]
[Date "2015.01.24"]
[Round "6"]
[Board "3"]
[White "Neumeier, Klaus"]
[Black "Blatny, Pavel"]
[Result "1/2-1/2"]
[WhiteElo "2268"]
[BlackElo "2414"]
[PlyCount "139"]
[EventDate "2014.10.18"]
[EventType "team"]
[EventRounds "11"]
[EventCountry "AUT"]
[WhiteTeam "SC Data Technology Pressbaum/E."]
[BlackTeam "Zwettl"]

1. c4 e5 2. g3 Nc6 3. Nc3 g6 4. Bg2 Bg7 5. e4 d6 6. Nge2 Be6 7. d3 Qd7 8. Be3
h5 9. h4 Nh6 10. f3 O-O 11. Qd2 Kh7 12. g4 hxg4 13. h5 g5 14. Bxg5 f6 15. Be3
gxf3 16. Bxf3 Ng4 17. h6 Bh8 18. O-O-O Rg8 19. Rdg1 Rg6 20. Rg3 Rag8 21. Rhg1
Qf7 22. Nd1 Qf8 23. Bxg4 Bxg4 24. Ndc3 Ne7 25. Nd5 c5 26. Nxe7 Qxe7 27. Nc3 b6
28. Qg2 Qe6 29. Qf2 a6 30. Bd2 Qd7 31. Nd5 b5 32. Ne3 Be6 33. Rxg6 Rxg6 34.
Rxg6 Kxg6 35. b3 b4 36. Kc2 a5 37. Ng2 Kh7 38. Nh4 Bg4 39. Nf5 a4 40. Bc1 Qd8
41. Qg1 Bh5 42. Qh2 Bf7 43. Qg2 Qb6 44. Kb1 Qa6 45. Qf3 Qc8 46. Qg4 Qd7 47. Qf3
Be6 48. Qh5 Bf7 49. Qg4 Bg6 50. Qf3 Kg8 51. Qg4 Kf7 52. Qf3 Kf8 53. Qg4 Bh7 54.
Qh5 Qe6 55. Kc2 Qg8 56. Qf3 Qg1 57. Qh3 Bg6 58. Nxd6 Qd4 59. Qc8+ Ke7 60. Nb5
axb3+ 61. axb3 Qf2+ 62. Bd2 Bh5 63. Qxh8 Qf1 64. Qg7+ Ke6 65. Nc7+ Kd6 66. Nb5+
Ke6 67. Qg8+ Ke7 68. Kb2 Qf2 69. Kc2 Qf1 70. Qg7+ 1/2-1/2

[Event "2. Bundesliga Ost 2014/2015"]
[Site "1020 Wien, Haus des Schachsports, Marathonweg 14"]
[Date "2015.01.24"]
[Round "6"]
[Board "4"]
[White "Vyskocil, Neklan"]
[Black "Weissenbeck, Manuel"]
[Result "0-1"]
[WhiteElo "2422"]
[BlackElo "2213"]
[PlyCount "69"]
[EventDate "2014.10.18"]
[EventType "team"]
[EventRounds "11"]
[EventCountry "AUT"]
[WhiteTeam "Zwettl"]
[BlackTeam "SC Data Technology Pressbaum/E."]

1. e4 c5 2. d4 cxd4 3. c3 dxc3 4. Nxc3 Nc6 5. Nf3 d6 6. Bc4 e6 7. O-O Be7 8.
Qe2 Nf6 9. Rd1 Qc7 10. Bf4 a6 11. Rac1 Qb8 12. a3 O-O 13. e5 Nh5 14. Bg5 d5 15.
Bxe7 Nxe7 16. Ba2 Ng6 17. Bb1 Bd7 18. Re1 f6 19. Bxg6 hxg6 20. g3 Qe8 21. Qe3
g5 22. exf6 gxf6 23. Qb6 Rc8 24. Qxb7 Rb8 25. Qxa6 Rxb2 26. Nd4 e5 27. Nxd5 Qa8
28. Qd6 Bh3 29. Ne6 Rf7 30. Nd8 Rd7 31. Qc6 Qxd8 32. Red1 Kg7 33. Rd3 Rb6 34.
Nxb6 Rxd3 35. Qc2 0-1